Becoming a citizen / (Record no. 2151)

MARC details
000 -LEADER
fixed length control field 01182cam a2200289 a 4500
005 - DATE AND TIME OF LATEST TRANSACTION
control field 20231108073549.0
020 ## - INTERNATIONAL STANDARD BOOK NUMBER
International Standard Book Number 0516223313 (lib. bdg.)
020 ## - INTERNATIONAL STANDARD BOOK NUMBER
International Standard Book Number 9780516273663
040 ## - CATALOGING SOURCE
Original cataloging agency DLC
Transcribing agency DLC
Modifying agency DLC
Language of cataloging eng
050 00 - LIBRARY OF CONGRESS CALL NUMBER
Classification number KF4700.Z9
Item number D4 2002
082 00 - DEWEY DECIMAL CLASSIFICATION NUMBER
Classification number 342.73/083
Edition number 21
100 1# - MAIN ENTRY--PERSONAL NAME
Personal name De Capua, Sarah
245 10 - TITLE STATEMENT
Title Becoming a citizen /
Statement of responsibility, etc. by Sarah De Capua.
260 ## - PUBLICATION, DISTRIBUTION, ETC.
Place of publication, distribution, etc. New York :
Name of publisher, distributor, etc. Children's Press,
Date of publication, distribution, etc. 2002
300 ## - PHYSICAL DESCRIPTION
Extent 47 pages :
Other physical details illustrations
Dimensions 22 cm
505 ## - FORMATTED CONTENTS NOTE
Formatted contents note T
520 ## - SUMMARY, ETC.
Summary, etc. Ideal for today's young investigative reader, each A True Book includes lively sidebars, a glossary and index, plus a comprehensive "To Find Out More" section listing books, organizations, and Internet sites. A staple of library collections since the 1950s, the new A True Book series is the definitive nonfiction series for elementary school readers.
521 ## - TARGET AUDIENCE NOTE
Target audience note 880
Source Lexile
521 ## - TARGET AUDIENCE NOTE
Target audience note T
Source Raz-Plus
650 #0 - SUBJECT ADDED ENTRY--TOPICAL TERM
Topical term or geographic name entry element Citizenship
Geographic subdivision United States
Form subdivision Juvenile literature.
650 #0 - SUBJECT ADDED ENTRY--TOPICAL TERM
Topical term or geographic name entry element Naturalization
Geographic subdivision United States
Form subdivision Juvenile literature.
650 #1 - SUBJECT ADDED ENTRY--TOPICAL TERM
Topical term or geographic name entry element Citizenship.
650 #1 - SUBJECT ADDED ENTRY--TOPICAL TERM
Topical term or geographic name entry element Naturalization.
906 ## - LOCAL DATA ELEMENT F, LDF (RLIN)
a 7
b cbc
c orignew
d 1
e ocip
f 20
g y-gencatlg
942 ## - ADDED ENTRY ELEMENTS (KOHA)
Source of classification or shelving scheme Dewey Decimal Classification
Koha item type Books
Suppress in OPAC No
999 ## -
-- 2151
-- 2151
Holdings
Withdrawn status Lost status Source of classification or shelving scheme Damaged status Not for loan Collection Home library Current library Shelving location Date acquired Total Checkouts Full call number Barcode Date last seen Price effective from Koha item type
    Dewey Decimal Classification     Non-Fiction Footprints International School Library Network Toul Kork Campus Footprints International School Library Network Toul Kork Campus A TK Campus, 4th Floor, Room B401, Non-Fiction Bookcases(7-8) 11/07/2023   CAP 342.73/083 KF4700.Z9 FISTK01609 11/07/2023 11/07/2023 Books